Daily Capital City Riddle #98 - Statistics

General Stats
  • This quiz has been taken 47 times
  • The average score is 30 of 36
Answer Stats
Type Answer % Correct
Found Letter A
100%
Found Letter D
100%
Alphabet Letter I
100%
Alphabet Letter O
100%
Found Letter S
100%
Found Letter E
97%
Alphabet Letter L
97%
Alphabet Letter N
97%
Found Letter R
97%
Found Letter T
97%
Alphabet Letter G
95%
Alphabet Letter B
92%
Alphabet Letter H
92%
Found Letter M
92%
Alphabet Letter U
92%
Alphabet Letter C
90%
Alphabet Letter P
87%
Alphabet Letter W
87%
Alphabet Letter K
85%
Correctly Placed Letter S
85%
Correctly Placed Letter E
82%
Correctly Placed Letter R
79%
Alphabet Letter V
79%
Correctly Placed Letter A
77%
Correctly Placed Letter A
74%
Alphabet Letter Y
72%
Correctly Placed Letter T
69%
Alphabet Letter X
69%
Alphabet Letter J
67%
Alphabet Letter Z
64%
Correctly Placed Letter D
62%
Alphabet Letter F
62%
Alphabet Letter Q
62%
Mystery Capital Amsterdam
59%
Correctly Placed Letter M
59%
Correctly Placed Letter M
59%
No matching quizzes found
Score Distribution
Percent of People with Each Score
Percentile by Number Answered
Your Score History
You have not taken this quiz